| 000 | 01148nam a2200301 i 4500 | ||
|---|---|---|---|
| 001 | 189782 | ||
| 003 | ES-MaACL | ||
| 005 | 20250815001145.0 | ||
| 007 | t| | ||
| 008 | 191126s1934 sp ab |||| | spa d | ||
| 245 | 0 | 3 |
_aLa época del gótico y el Renacimiento _b: (1250-1500) / _cpor Walter Goetz, Jacob Strieder, Alfred Doren, Fedor Schneider, Karl Brandi, Fritz, Rörig, Martin Winkler, Hans Plischke ; versión española de Manuel García Morente. |
| 260 |
_aMadrid : _bEspasa-Calpe, _c1934. |
||
| 300 |
_aXVI, 756 p., [34] p. (algunas pleg.) : _bil., mapas ; _c27 cm. |
||
| 650 | 7 |
_aHistoria medieval _2embne _913411 |
|
| 650 | 4 |
_aHistoria moderna- _yS.XVI. _9168677 |
|
| 700 | 1 |
_aGoetz, Walter, _d1867-1958 _957579 |
|
| 700 | 1 |
_aStrieder, Jacob. _9168678 |
|
| 700 | 1 |
_aDoren, Alfred. _9168679 |
|
| 700 | 1 |
_aSchneider, Fedor. _9168680 |
|
| 700 | 1 |
_aBrandi, Karl _931343 |
|
| 700 | 1 |
_aRörig, Fritz. _9168681 |
|
| 700 | 1 |
_aWinkler, Martin. _9168682 |
|
| 700 | 1 |
_aPlischke, Hans. _9168683 |
|
| 700 | 1 |
_aGarcía Morente, Manuel, _d1886-1942 _955002 |
|
| 852 |
_aES-MaACL _jF-15082 |
||
| 942 | _2udc | ||
| 999 |
_c189782 _d189782 |
||